Machine drawing (Record no. 8376)

MARC details
000 -LEADER
fixed length control field 00432nam a2200205Ia 4500
001 - CONTROL NUMBER
control field 083189
003 - CONTROL NUMBER IDENTIFIER
control field YMCAF
005 - DATE AND TIME OF LATEST TRANSACTION
control field 20230512161408.0
008 - FIXED-LENGTH DATA ELEMENTS--GENERAL INFORMATION
fixed length control field 100717s2002 ||||||||||||||||| ||und|d
024 ## - OTHER STANDARD IDENTIFIER
Standard number or code 83189
035 ## - SYSTEM CONTROL NUMBER
System control number 22649
040 ## - CATALOGING SOURCE
Original cataloging agency YMCAF
Language of cataloging eng
Transcribing agency IN-KoLT
041 ## - LANGUAGE CODE
Language code of text/sound track or separate title eng
082 ## - DEWEY DECIMAL CLASSIFICATION NUMBER
Classification number 621.815
Item number SID
100 ## - MAIN ENTRY--PERSONAL NAME
Personal name Sidheswar, N
245 #0 - TITLE STATEMENT
Title Machine drawing
260 ## - PUBLICATION, DISTRIBUTION, ETC.
Name of publisher, distributor, etc. TMH
Date of publication, distribution, etc. 2002
300 ## - PHYSICAL DESCRIPTION
Extent 267
942 ## - ADDED ENTRY ELEMENTS (KOHA)
Source of classification or shelving scheme Dewey Decimal Classification
Koha item type Books
Holdings
Withdrawn status Lost status Damaged status Not for loan Home library Current library Date acquired Cost, normal purchase price Total Checkouts Barcode Date last seen Cost, replacement price Price effective from Koha item type Public note G
        JC Bose University of Science & Technology JC Bose University of Science & Technology 17/07/2010 295.00   WB5648 12/05/2023 295.00 12/05/2023 Books C 943
        JC Bose University of Science & Technology JC Bose University of Science & Technology 17/07/2010 185.00   22649 12/05/2023 185.00 12/05/2023 Books C LDL/3748
        JC Bose University of Science & Technology JC Bose University of Science & Technology 17/07/2010 185.00   22650 12/05/2023 185.00 12/05/2023 Books C LDL/3748
        JC Bose University of Science & Technology JC Bose University of Science & Technology 17/07/2010 185.00   22651 12/05/2023 185.00 12/05/2023 Books C LDL/3748
        JC Bose University of Science & Technology JC Bose University of Science & Technology 17/07/2010 185.00   22652 12/05/2023 185.00 12/05/2023 Books C LDL/3748
        JC Bose University of Science & Technology JC Bose University of Science & Technology 17/07/2010 185.00   22653 12/05/2023 185.00 12/05/2023 Books C LDL/3748
        JC Bose University of Science & Technology JC Bose University of Science & Technology 17/07/2010 295.00   WB5644 12/05/2023 295.00 12/05/2023 Books C 943
        JC Bose University of Science & Technology JC Bose University of Science & Technology 17/07/2010 295.00   WB5645 12/05/2023 295.00 12/05/2023 Books C 943
        JC Bose University of Science & Technology JC Bose University of Science & Technology 17/07/2010 295.00   WB5646 12/05/2023 295.00 12/05/2023 Books C 943
        JC Bose University of Science & Technology JC Bose University of Science & Technology 17/07/2010 295.00   WB5647 12/05/2023 295.00 12/05/2023 Books C 943